|
|
|
|
| LEADER |
01263nam a2200337 a 4500 |
| 001 |
EBC690506 |
| 003 |
MiAaPQ |
| 005 |
20200520144314.0 |
| 006 |
m o d | |
| 007 |
cr cn||||||||| |
| 008 |
110525s2011 dcuabd sb 000 0 eng d |
| 020 |
|
|
|z 9780821387009
|
| 020 |
|
|
|a 9780821387016 (electronic bk.)
|
| 035 |
|
|
|a (MiAaPQ)EBC690506
|
| 035 |
|
|
|a (Au-PeEL)EBL690506
|
| 035 |
|
|
|a (CaPaEBR)ebr10468648
|
| 035 |
|
|
|a (CaONFJC)MIL310011
|
| 035 |
|
|
|a (OCoLC)811493541
|
| 040 |
|
|
|a MiAaPQ
|c MiAaPQ
|d MiAaPQ
|
| 050 |
|
4 |
|a HD82
|b .I47 2011
|
| 245 |
0 |
0 |
|a Improving the odds of achieving the MDGs
|h [electronic resource] :
|b heterogeneity, gaps, and challenges.
|
| 260 |
|
|
|a Washington, D.C. :
|b World Bank,
|c 2011.
|
| 300 |
|
|
|a 177 p. :
|b ill., maps.
|
| 490 |
1 |
|
|a Global monitoring report ;
|v 2011
|
| 504 |
|
|
|a Includes bibliographical references.
|
| 533 |
|
|
|a Electronic reproduction. Ann Arbor, MI : ProQuest, 2015. Available via World Wide Web. Access may be limited to ProQuest affiliated libraries.
|
| 650 |
|
0 |
|a Economic development.
|
| 655 |
|
4 |
|a Electronic books.
|
| 710 |
2 |
|
|a ProQuest (Firm)
|
| 830 |
|
0 |
|a Global monitoring report ;
|v 2011.
|
| 856 |
4 |
0 |
|u https://ebookcentral.proquest.com/lib/matrademy/detail.action?docID=690506
|z Click to View
|